1482 1269 1278 1860 1243 1358 1667 1353 1508 1246 1006 1332 1734 1373 1794 1446 1476 1252 1519 1506 1992 1016 1837 1701 1536 1113 1512 1656 1863 1338 1102 1932 1499 1332 1294 1780 1703 1945 1164 1884 1593 1244 1441 1351 1930 1960 1473 1610 1074 1990 1782 1654 1565 1023 1245 1431 1904 1944 1574 1649 1984 1535 1499 1429 1088 1941 1187 1354 1194 1482 1284 1277 1587 1532 1515 1665 1788 1956 1346 1859 1803 1303 1395 1743 1034 1029 1137 1505 1527 1887 1217 1541 1752 1291 1881 1532 1950 1674 1493 BCNSPRNW ULIB Ver.6.0+V

เปลี่ยนเป็นภาษาไทย

Change to English
 แสดงรายละเอียดบรรณานุกรม
  กลับหน้าหลัก

Brief Record : Get Marc (ISO 2709) : E-mail record : QR code < ปิดหน้าต่าง
LEADER : 00000nam 2200000uu 4500
001    13399109626
003     ULIB
008    110407s2551||||th 000 0 tha d
020    9789742988616
060 04 ^aWB537^bว543ก
100 0  วิชัย อึงพินิจพงศ์
245 10 การนวดแผนไทยเพื่อการบำบัด /^cวิชัย อึงพินิจพงศ์
250    พิมพ์ครั้งที่ 1
260    กรุงเทพฯ :^bสุวีริยาสาส์น,^c2551
300    223 หน้า :^bภาพประกอบ ;^c21 ซม.
650  7 กายภาพบำบัด
650  7 การนวด^zไทย
650  7 การบำบัดด้วยการนวด
945    ^p160^l0^i027014
945    ^p160^l0^i027015
945    ^p160^l0^i031595
995    ทศพร
999 ^a ใช้งานได้ทุกระบบ
รายการนี้ยังไม่มีแท็ก
คุณยังไม่ได้ล็อกอิน คุณสามารถมีกิจกรรมร่วมกับเว็บไซต์ได้ แต่ต้องล็อกอินก่อน ::
  ล็อกอิน

รายการสื่อสารสนเทศ

ลำดับที่ ประเภท เลขเรียก/บาร์โค้ด สถานที่ สถานะ
- ไม่พบข้อมูล -

รายการใกล้เคียง
    ผู้แต่ง [วิชัย อึงพินิจพงศ์]

    หัวเรื่อง [กายภาพบำบัด]
    หัวเรื่อง [การบำบัดด้วยการนวด]

BibComment


ยังไม่เคยถูกคอมเมนท์

คอมเมนท์ทรัพยากรรายการนี้
  คอมเมนท์: การนวดแผนไทยเพื่อ..


 Copyright 2026. Bcnsprnw @Library